000 00784nam a2200217 4500
001 132013
003 ES-MaACL
005 20230906194104.0
007 t|
008 070214s1943 sp r ||||1| spa d
100 1 _aRoig Gironella, Juan.
_999014
245 1 3 _aLa filosofía de la acción /
_cJuan Roig Gironella.
260 _aMadrid :
_b[s.n.],
_c1943.
300 _a326 p. ;
_c25 cm.
490 1 _aPublicaciones del Instituto Luis Vives. Serie B ;
_v2
500 _aPrecede al Tit : Consejo Superior de Investigaciones Científicas, Instituto Filosófico Luis Vives.
710 2 _aInstituto de Filosofía "Luis Vives"
_9169712
830 0 _aPublicaciones del Instituto Luis Vives. Serie B ;
_v2
_9219625
852 _aES-MaACL
_jF-16050
_bR.20842
999 _c132013
_d132013